000 00924nam a22002897a 4500
003 CHAP
005 20220329140547.0
008 971013s1975 r 00010 d
010 _a53944
011 _a54916
035 _a59068
040 _cCHAP
082 _a580
_bR8
100 0 0 _aRussell, Norman H.
_9100968
245 _aIntroduction to plant science ; a humanistic and ecological approach
260 _aSt. Paul, Minn. :
_bWest Publishing,
_c1975
300 _a302 p.
_b: ilus.
590 _aBATCH-UPD
_b10
_c20130110
_lUCH01
_h0727
590 _aBATCH-UPD
_b10
_c20130410
_lUCH01
_h0411
590 _aBATCH-UPD
_b10
_c20130914
_lUCH01
_h0733
590 _aCONVERSION
_b10
_c20130109
_lUCH01
_h1329
650 1 4 _aBotánica.
_914477
901 _aBK
942 _cLIBRO
949 _a580 R8
_bBC
_cLIBRO
_d33724000502100
_eLIBRO
_h55074
_i59068
_si
949 _a580 R8
_bBC
_cLIBRO
_d33724000502118
_eLIBRO
_fc.2
_h55075
_i59068
_si
999 _c53944
_d53944